| 000 | 00514nam a22001817a 4500 | ||
|---|---|---|---|
| 005 | 20260406124008.0 | ||
| 008 | 260406b |||||||| |||| 00| 0 eng d | ||
| 020 | _aC-25-02-14566 | ||
| 041 | _aeng | ||
| 082 | _a658.800954 SIN-R | ||
| 100 |
_aSINGH, AWADHESH KUMAR AND PANDEY, SATYAPRAKASH _98920 |
||
| 245 | _aRURAL MARKETING : INDIAN PERSPECTIVE [2ND ED. ] | ||
| 250 | _a2ND ED. 2026 | ||
| 260 |
_aNEW DELHI _bNEW AGE INTERNATIONAL P LTD _c2026 |
||
| 300 | _a230;P | ||
| 650 | _aMANAGEMENT | ||
| 942 | _cBK | ||
| 999 |
_c9112 _d9110 |
||